000 00469nam a22001817a 4500
999 _c5768
_d5768
003 GBCCL
005 20241126110549.0
008 180406b ||||| |||| 00| 0 eng d
020 _a0263741125
040 _cgbc
082 _a813.54
_bHAR
100 _aHart, Elizabeth
_910449
245 _aMarriage of Strangers /
_cElizabeth Hart
260 _bMills & Boon Ltd.,
_aLondon:
_c1982
300 _a187 p.;
_c18 cm.
650 _aFiction
_vEnglish
_910450
942 _2ddc
_cBK